01016nam a2200253 i 450000100060000000300090000600500170001500700030003200800410003502000180007608000210009410000450011524501790016026000530033930000380039249000220043065000440045265100380049670000370053483000300057185200220060199900170062395201220064012323ES-MaACL20250627063622.0t|921022s1989 sp fo ||||0| spa d a84-7492-460-X a355(460.11)(091)1 aÁlvarez, Santiago, d1913-2002915528614aLas milicias populares gallegas b: un símbolo de la Galicia antifranquista : ensayo histórico / cSantiago Álvarez ; testimonios, Manuel López Iglesias... [et al. ]. aA Coruña : bEdiciós do Castro, cD.L. 1989. a198 p., [24] p. de fot ; c21 cm.1 aDocumentos ; v68 4aMilicias-zGalicia-y1936-1939.9155288 4aGalicia-xHistoria militar.987351 aLópez Iglesias, Manuel.9737070 aDocumentos ; v689177791 aES-MaACLjL-19519 c12323d12323 00104070aATENEOMbATENEOMcDEPO2d2008-01-17eSCl0oL-19519p1012558r2023-02-23 00:00:00w2023-02-23yMONOGRAFIA